Statistics for Isolated Capitals Looking Northwestwards

Click here to take the quiz!

General Stats

  • This quiz has been taken 21 times
  • The average score is 14 of 20

Answer Stats

D (km)CAPITAL CITYCLOSEST CAPITAL% Correct
9,662 OttawaOttawa
100%
1,685 SantiagoManila
94%
3,873 ReykjavikWashington
94%
2,717 CanberraRabat
88%
1,497 DublinSeoul
82%
2,564 UlaanbaatarCanberra
82%
1,875 BrasiliaSucre
82%
2,330 WellingtonVictoria
76%
3,028 Mexico CityPort-Vila
71%
1,480 TaipeiLima
71%
1,902 DiliSucre
65%
2,049 AstanaBandar Seri Begawan
59%
2,600 PalikirAstana
59%
1,479 SucreUlaanbaatar
59%
1,683 MelekeokCairo
53%
2,698 PraiaMelekeok
53%
2,181 Port MoresbyBaku
47%
1,612 KhartoumLuanda
47%
1,573 WindhoekReykjavik
47%
2,231 MalePalikir
35%

Score Distribution

Percentile by Number Answered

Percent of People with Each Score

Your Score History

You have not taken this quiz